00883nam a22002775i 450000100060000000300090000600500170001500700030003200800410003502000180007604000220009408000120011608000140012810000180014224501800016026000470034030000210038749000270040850000120043565000240044765000340047170000190050570000210052483000270054585200330057218469ES-MaACL20230906151838.0t|011106s2001 sp ||||0| spa j a84-493-1085-7 aM-BN bspa cM-BN a159.925 a316.772.41 aAiles, Roger.10aTú eres el mensaje b: la comunicación con los demás a través de los gestos, la imagen y las palabras / cRoger Ailes, Jon Kraushar ; [traducción de Mariela Orozco]. aBarcelona : bPaidós Ibérica, c[2001] a248 p ; c21 cm.1 aPaidós plural ; v27 aIndice. 4aRelaciones humanas.14aComunicación interpersonal.1 aKraushar, Jon.1 aOrozco, Mariela.0 aPaidós plural ; v27 aES-MaACLjL-25100 bR.130531